Score 0/15 Timer 03:00
0 Plays Today
% Correct
Casino Royale
91.4%
Flamingo
91.4%
Paris
91.4%
Excalibur
90.8%
Stratosphere
90.6%
Sahara
90.6%
Encore
90.3%
Rio
89.9%
% Correct
Cosmopolitan
89%
Mirage
88.9%
Venetian
88.8%
Treasure Island
87.4%
Luxor
85.3%
Palazzo
80.6%
Bellagio
73.4%
Remove Ads.
Support Sporcle.
Get the best of Sporcle when you Go Orange. This ad-free experience offers more features, more stats, and more fun while also helping to support Sporcle. Thank you for becoming a member.

You're not logged in!

Compare scores with friends on all Sporcle quizzes.
OR
Log In

Show Comments

Extras

Top Quizzes Today


Score Distribution

Your Account Isn't Verified!

In order to create a playlist on Sporcle, you need to verify the email address you used during registration. Go to your Sporcle Settings to finish the process.

Report this User

Report this user for behavior that violates our Community Guidelines.

Details: